000 00446 a2200157 4500
999 _c3246
_d3246
020 _a9780073528519
050 _aHD 62.4 INT 2011
100 _aMaidment, FRED H.
_eeditor
245 _aInternational busines /
_cedited Fred H Maidment
250 _a15 th ed.
264 _aBoston
_bMcGraw -Hill
_c2011
300 _axvi,173p.
500 _aincludes index
650 _aBusiness studies - international
942 _2lcc
_cBK
_e14th ed.
_h62.4
_iINT
_kHD